000 00946cab a2200277 4500
001 ABS58477
008 090401t1998 xxu||||| |||| 00| 0 eng d
035 _a(Sirsi) u84752
041 _aeng
100 _aDavies, H.
245 _aDo all crises have to become disasters? Risk and risk mitigation
260 _c1998
350 _a0
490 _aProperty Management
_v16(1) 1998, 5-9(5)
520 _aDescribes some features and characteristics of crises that could become disasters, and discusses the features of organisations that can affect their exposure to risk.
650 _aMANAGEMENT-RICS PRESIDENT'S COMMISSION ON MAJOR DISASTER MANAGMENT
650 _aDISASTER PLANNING
650 _aFACILITIES MANAGEMENT
_96240
650 _aORGANISATIONS
650 _aPROPERTY MANAGERS
650 _aRISK MANAGEMENT
690 _aOFFICE SERVICES AND ADMINISTRATION
700 _aWalters, M
942 _n0
948 _c09/03/1998
999 _c53301
_d53301